| 000 | 01321nam a22002777a 4500 | ||
|---|---|---|---|
| 003 | OSt | ||
| 005 | 20210226123509.0 | ||
| 008 | 210226s2014 ck a|||cr|||| 00| jdspa d | ||
| 020 | _a9789585859463 | ||
| 040 |
_aCO-JMCR _cCO-JMCR |
||
| 041 | 0 | _aspa | |
| 082 | 0 | 4 |
_aC / _bGARy _223 |
| 100 | 1 |
_aGarcía Esperón, María, _eautora _914008 |
|
| 245 | 1 | 0 |
_aY mi bosque encantaba... / _cMaría García Esperón ; ilustraciones, Marlén Mora |
| 250 | _aPrimera edición | ||
| 260 |
_aBogotá : _bEnlace Editorial, _c2014 |
||
| 300 |
_a54 páginas : _bilustraciones a color ; _c20 cm. |
||
| 490 | 0 | _aEl tren dorado. Cuarta estación | |
| 500 | _aIncluye datos biográficos de la autora. | ||
| 520 | 3 | _aEl conde Aceituna y la Bella Durmiente, el príncipe Lejos y el Hada del Cerca...se reúnen en este bosque encantado donde todas las flores cuentan una historia y donde todos los árboles tienen un hada de largos cabellos y ojos verdes.Y como la voz que encantaba...la de este bosque se expresa en versos, para convertirse en canción y en danza y en un sueño alumbrado por el rostro eterno de la luna-luna. | |
| 521 | _aA partir de 11 años | ||
| 650 | 1 | 4 |
_aCuentos infantiles mexicanos _ySiglo XXI _914009 |
| 650 | 1 | 4 |
_aVersos para niños _914010 |
| 700 | 1 |
_aMora, Marlén, _eilustradora _914011 |
|
| 942 |
_2ddc _cBK |
||
| 999 |
_c7349 _d7349 |
||